|
|
|
|
| LEADER |
00692nam a2200193Ia 4500 |
| 001 |
CTU_37710 |
| 008 |
210402s9999 xx 000 0 und d |
| 020 |
|
|
|b 1.125.000đ
|
| 082 |
|
|
|a 628.36
|
| 082 |
|
|
|b C934
|
| 100 |
|
|
|a Ronald W Crites
|
| 245 |
|
0 |
|a Land treatment systems for municipal and industrial wastes
|
| 245 |
|
0 |
|c Ronald W Crites, Robert K Bastian, Sherwood C Reed
|
| 260 |
|
|
|a New York
|
| 260 |
|
|
|b McGraw-Hill
|
| 260 |
|
|
|c 2000
|
| 650 |
|
|
|a factory and trade waste - management,invironmental hydraulics,land treatment of wastewater,sewage disposal in the ground
|
| 904 |
|
|
|i Nguyễn Quang Điền, 000810
|
| 980 |
|
|
|a Trung tâm Học liệu Trường Đại học Cần Thơ
|